000 00287nam a2200097Ia 4500
005 20251222114343.0
008 251222s1900||||xx |||||||||||||| ||spa||
082 _aDVD0060/C523/2002
245 0 _aCharlie Chaplin: L'Emigrante, L'Evaso, La Cura Miracolosa, La Estrada della Paura.:
942 _cDVD
999 _c934
_d934